000 02408cam a2200313 4500500
005 20260208005252.0
041 _afre
042 _adc
100 1 0 _aClaustre, Julie
_eauthor
245 0 0 _aLa dette, la haine et la force : les débuts de la prison pour dette à la fin du Moyen Âge
260 _c2007.
500 _a4
520 _aRÉSUMÉ Comment interpréter l’insertion dans le droit royal français de l’emprisonnement pour dette civile en 1303 ? Cette aptitude nouvelle du roi à saisir le corps de ses sujets pour des raisons financières privées, qui participait de la définition d’un ordre socio-économique public, s’explique-t-elle par la volonté de prévenir des violences interpersonnelles dont le crédit était porteur ? L’article explore d’abord les liens entre l’endettement privé et les usages de la force à la fin du Moyen Âge, à partir des sources judiciaires parisiennes principalement. Sur ce fond de violences exercées par les débiteurs récalcitrants ou par les créanciers impatients, il montre que l’emprisonnement pour dette fut codifié par les juridictions royales comme un usage public, consenti et euphémisé de la force.
520 _aABSTRACT This paper offers a reading of the introduction in the French royal law of the imprisonment for debt in 1303. Can this king’s new ability to seize individuals’ bodies for financial and private grounds, that contributed to the definition of a public socioeconomic order, be explained by the will to prevent interpersonal assaults carried by private credit ? The article deals first with the relations between private debt and uses of force at the end of the Middle Ages, thanks to Paris judicial archives. On a background made of assaults committed by rebellious debtors and by impatient creditors, it shows that imprisonment for debt was codified by royal courts as a public, consented and euphemistic use of force.
690 _acrédit
690 _aFrance
690 _ajustice
690 _aMoyen Âge
690 _aprison
690 _aviolence
690 _aCredit
690 _aFrance
690 _aLaw
690 _aMiddle Ages
690 _aPrison
690 _aViolence
786 0 _nRevue historique | 644 | 4 | 2007-12-01 | p. 797-821 | 0035-3264
856 4 1 _uhttps://shs.cairn.info/revue-historique-2007-4-page-797?lang=fr&redirect-ssocas=7080
999 _c1651344
_d1651344